| 000 | 00732ngm a22002770a 4500 | ||
|---|---|---|---|
| 001 | PT41339 | ||
| 003 | AR-LpoUNG | ||
| 005 | 20210201232329.0 | ||
| 007 | co ||u|||uuuuu | ||
| 008 | 191001s2002||||sp |||||||||||||||||spa d | ||
| 020 |
_a8495599341 _c$13.60 |
||
| 040 |
_aAR-LpoUNG _bspa _cAR-LpoUNG _eaacr |
||
| 041 | _aspa | ||
| 044 | _asp | ||
| 082 | 0 | _a516.5 993cd | |
| 100 | 1 | _aGuzmán Ozámiz, Miguel de | |
| 245 | 1 | 3 | _aLa experiencia de descubrir en geometría |
| 260 |
_aMadrid : _bNivola, _cmayo de 2002. |
||
| 650 | 4 | _aMATEMATICAS | |
| 651 | 4 | _aDOCUMENTOS TEORICOS O METODOLOGICOS | |
| 653 | _aGEOMETRIA | ||
| 653 | _aGEOMETRIA PROYECTIVA | ||
| 653 | _aGEOMETRIA SINTETICA | ||
| 905 | _a41339 | ||
| 942 | _cCDDVD | ||
| 999 |
_c53383 _d53383 |
||